| 000 | 01273cam a22002891i 4500 | ||
|---|---|---|---|
| 003 | SA-RiAUC | ||
| 005 | 20250305200828.0 | ||
| 008 | 250303s1995 le g b 000 0 ara c | ||
| 040 |
_aOM-MuSQU _bara _cSA-RiAUC _erda |
||
| 082 | 0 | 4 |
_a810.9 _qSA-RiAUC |
| 090 |
_a810.9 _bص م د |
||
| 100 | 1 |
_aالصمد، واضح _eمؤلف. |
|
| 245 | 1 | 2 |
_aالسجون وأثرها في الآداب العربية من العصر الجاهلي حتى نهاية العصر الأموي / _cواضح الصمد. |
| 250 | _aالطبعة الأولى. | ||
| 264 | 1 |
_aبيروت : _bمجد المؤسسة الجامعية للدراسات والنشر والتوزيع، _c1995 |
|
| 300 |
_a287 صفحة ؛ _c24 سم |
||
| 336 |
_aنص _btxt _2rdacontent _3كتاب |
||
| 337 |
_aبدون وسيط _bn _2rdamedia |
||
| 338 |
_aمجلد _bnc _2rdacarrier |
||
| 500 | _aيشتمل على كشافات. | ||
| 504 | _aببليوجرافية : صفحة 273-284. | ||
| 650 | 7 |
_aالسجون في الأدب العربي _2aucsh |
|
| 650 | 7 |
_aالأدب العربي _xتاريخ ونقد _yالعصر الجاهلي _2aucsh |
|
| 650 | 7 |
_aالأدب العربي _xتاريخ ونقد _yالعصر الأموي _2aucsh |
|
| 942 |
_2ddc _cBOOK _n0 |
||
| 949 |
_aSA-JeALM _d250303 _umohamedma123 _n1 |
||
| 999 |
_c6285 _d6285 |
||